| 000 | 00281 a2200097 4500 | ||
|---|---|---|---|
| 001 | 38051 | ||
| 100 | _aStephens H S | ||
| 245 | _aAerodynamics and ventilation of Vehicle Tunnels; third international symposium , vol. 2 | ||
| 260 |
_aEngland _bB H R A _c1979 |
||
| 090 |
_c24229 _d24229 |
||
| 942 |
_aNUST-CAE _cM _c15813 |
||
| 999 |
_c273124 _d273124 |
||